|
|
|
|
| LEADER |
03137nam a2200733 i 4500 |
| 001 |
nkc20233555625 |
| 003 |
CZ PrNK |
| 005 |
20240118081451.0 |
| 007 |
ta |
| 008 |
231013s2023 xr a e c 000 0dcze |
| 020 |
|
|
|a 978-80-908189-7-2
|q (brožováno)
|
| 040 |
|
|
|a BOA001
|b cze
|d ABA001
|e rda
|
| 041 |
1 |
|
|a cze
|a eng
|h cze
|
| 043 |
|
|
|a e-xr---
|
| 045 |
|
|
|a y-y-
|
| 072 |
|
7 |
|a 72/76
|x Výtvarné umění
|2 Konspekt
|9 21
|
| 080 |
|
|
|a 72/76(437.3)
|2 MRF
|
| 080 |
|
|
|a 72/76:159.931
|2 MRF
|
| 080 |
|
|
|a 7.038.544
|2 MRF
|
| 080 |
|
|
|a 7.038.55
|2 MRF
|
| 080 |
|
|
|a 7.036/.038
|2 MRF
|
| 080 |
|
|
|a (437.3)
|2 MRF
|
| 080 |
|
|
|a (083.824)
|2 MRF
|
| 100 |
1 |
|
|a Frank, Matěj,
|d 1989-
|7 mzk20231208279
|4 art
|4 aut
|
| 245 |
1 |
0 |
|a Rezonance /
|c texty: Radka Kaclerová, Inge Kosková, Lada Semecká, Matěj Frank
|
| 246 |
1 |
|
|i Podnázev v tiráži:
|a Matěj Frank, Inge Kosková, Lada Semecká
|
| 264 |
|
1 |
|a [Tišnov] :
|b Galerie Josefa Jambora - Městské kulturní středisko Tišnov,
|c [2023]
|
| 300 |
|
|
|a 25, 17, 18 stran, 16 nečíslovaných složených stran :
|b ilustrace (některé barevné) ;
|c 26 cm
|
| 336 |
|
|
|a text
|b txt
|2 rdacontent
|
| 336 |
|
|
|a statický obraz
|b sti
|2 rdacontent
|
| 337 |
|
|
|a bez média
|b n
|2 rdamedia
|
| 338 |
|
|
|a svazek
|b nc
|2 rdacarrier
|
| 500 |
|
|
|a Název z obálky
|
| 500 |
|
|
|a Katalog stejnojmenné výstavy konané v Galerii Josefa Jambora ve dnech 20.5.-17.9.2023
|
| 500 |
|
|
|a Životopisná data a přehledy výstav
|
| 500 |
|
|
|a 90 výtisků
|
| 546 |
|
|
|a Částečně souběžný anglický text
|
| 600 |
1 |
7 |
|a Frank, Matěj,
|d 1989-
|7 mzk20231208279
|2 czenas
|
| 600 |
1 |
7 |
|a Kosková, Inge,
|d 1940-
|7 jn20000710277
|2 czenas
|
| 600 |
1 |
7 |
|a Semecká, Lada,
|d 1973-
|7 mzk2006355833
|2 czenas
|
| 648 |
|
7 |
|a 21. století
|7 ch460559
|2 czenas
|
| 650 |
0 |
7 |
|a české výtvarné umění
|7 ph116865
|y 21. století
|2 czenas
|
| 650 |
0 |
7 |
|a vizuální umění
|7 ph220318
|z Česko
|y 21. století
|2 czenas
|
| 650 |
0 |
7 |
|a objekty (umění)
|7 ph123590
|z Česko
|y 21. století
|2 czenas
|
| 650 |
0 |
7 |
|a instalace (umění)
|7 ph121119
|z Česko
|y 21. století
|2 czenas
|
| 650 |
0 |
7 |
|a moderní umění
|7 ph115340
|z Česko
|2 czenas
|
| 650 |
0 |
9 |
|a Czech art
|y 21st century
|2 eczenas
|
| 650 |
0 |
9 |
|a visual art
|z Czechia
|y 21st century
|2 eczenas
|
| 650 |
0 |
9 |
|a objects (art)
|z Czechia
|y 21st century
|2 eczenas
|
| 650 |
0 |
9 |
|a installations (art)
|z Czechia
|y 21st century
|2 eczenas
|
| 650 |
0 |
9 |
|a modern art
|z Czechia
|2 eczenas
|
| 655 |
|
7 |
|a katalogy výstav
|7 fd132536
|2 czenas
|
| 655 |
|
9 |
|a exhibition catalogs
|2 eczenas
|
| 700 |
1 |
|
|a Kosková, Inge,
|d 1940-
|7 jn20000710277
|4 art
|4 aut
|
| 700 |
1 |
|
|a Semecká, Lada,
|d 1973-
|7 mzk2006355833
|4 art
|4 aut
|
| 700 |
1 |
|
|a Kaclerová, Radka
|7 ola20201090200
|4 aut
|
| 710 |
2 |
|
|a Galerie Josefa Jambora (Tišnov, Česko)
|7 mzk2018978658
|4 orm
|4 isb
|
| 910 |
2 |
|
|a BOA001
|b 3-1516.223
|
| 928 |
9 |
|
|a Městské kulturní středisko Tišnov
|
| 990 |
|
|
|a BK
|
| 995 |
|
|
|a 11
|
| 991 |
|
|
|b 202311
|c NOV
|
| 996 |
6 |
|
|b 2610953532
|c 3-1516.223
|l MZK
|r Sklad / do 1 hodiny
|n 0
|p p.v.
|w 001944643
|u 000010
|a 1
|e BOA001
|j MZK50
|s P
|
| 996 |
7 |
|
|b 2610953533
|c 3-1516.223
|l MZK
|r Sklad / do 1 hodiny
|n 0
|p p.v.
|w 001944643
|u 000020
|a 1
|e BOA001
|j MZK50
|s A
|